000
00392nam a2200145Ia 4500
008
100122s9999 xx 000 0 und d
082
_b
33810
_a
328.452
100
_a
साठे ताराबाई
245
_a
संसद
260
_b
कॉटिनेंटल प्रकाशन
_c
1981
300
_a
248
630
_a
संसद
730
_a
संसद
942
_c
BOOK
999
_c
417746
_d
417743